Lavorare Stanca Poesia

Guardat en:
Dades bibliogràfiques
Autor principal: Vittorio Coletti
Format: Llibre
Idioma:idioma desconegut
Publicat: Giulio Enaudi Editore
Etiquetes: Afegir etiqueta
Sense etiquetes, Sigues el primer a etiquetar aquest registre!

MARC

LEADER 00000nam a2200000Ia 4500
001 R-157
003 CODICE-MESSINA
005 20260212102447.0
008 260211s9999 xx 000 0 und d
040 |c importazione_messina 
100 |a Vittorio Coletti 
245 0 |a Lavorare Stanca 
245 0 |b Poesia 
260 |b Giulio Enaudi Editore 
942 |2 ddc  |c BK 
952 |0 0  |1 0  |2 ddc  |4 0  |6 SCAFFALE_2_000000000000000__ARTE  |7 0  |9 30978  |a ME  |b ME  |d 2026-02-11  |l 0  |o SCAFFALE 2 - ARTE  |p R-157  |r 2026-02-11 23:52:15  |w 2026-02-11  |x [REVISIONARE]  |y BK 
999 |c 26640  |d 26640